[Event "Berlin Lichtenberger op 8th"]
[Site "Berlin"]
[Date "2009.08.23"]
[Round "9"]
[White "Knaak, Hans"]
[Black "Schuett, Tobias"]
[Result "1-0"]
[WhiteElo "1910"]
[BlackElo "1697"]
[PlyCount "49"]
[EventDate "2009.08.15"]
[EventType "swiss"]
[EventRounds "9"]
[EventCountry "GER"]
[SourceTitle "CBM 131 Extra"]
[Source "ChessBase"]
[SourceDate "2009.09.03"]
[SourceVersion "2"]
[SourceVersionDate "2009.09.16"]
[SourceQuality "1"]

1. d4 e6 2. c4 c5 3. d5 exd5 4. cxd5 d6 5. Nf3 Nf6 6. Nc3 Be7 7. e4 0-0 8. Be2 Re8 9. Be3 a6 10. a4 Qb6 11. Qc2 Ng4 12. Bf4 Bf6 13. h3 Ne5 14. Nxe5 Bxe5 15. Bxe5 Rxe5 16. 0-0 Nd7 17. Kh1 Nf6 18. Rae1 Bd7 19. Bd3 Nh5 20. Re3 Rae8 21. f4 Nxf4 22. Qf2 g5 23. g3 Bxh3 24. gxf4 gxf4 25. Rxh3 1-0

[Event "Berlin Lichtenberger op 8th"]
[Site "Berlin"]
[Date "2009.08.21"]
[Round "7"]
[White "Bender, Sebastian"]
[Black "Schuett, Tobias"]
[Result "1-0"]
[WhiteElo "2031"]
[BlackElo "1697"]
[PlyCount "75"]
[EventDate "2009.08.15"]
[EventType "swiss"]
[EventRounds "9"]
[EventCountry "GER"]
[SourceTitle "CBM 131 Extra"]
[Source "ChessBase"]
[SourceDate "2009.09.03"]
[SourceVersion "2"]
[SourceVersionDate "2009.09.16"]
[SourceQuality "1"]

1. e4 c5 2. Nf3 Nc6 3. d4 cxd4 4. Nxd4 e5 5. Nb5 d6 6. N1c3 a6 7. Na3 Nf6 8. Bg5 Be7 9. Bxf6 gxf6 10. Qh5 b5 11. Nd5 Be6 12. c3 b4 13. Nc2 bxc3 14. Nxc3 Qa5 15. a3 Bb3 16. Ne3 Nd4 17. Rc1 Rc8 18. Bd3 d5 19. 0-0 dxe4 20. Bxe4 Be6 21. Ncd5 Rxc1 22. Rxc1 Kd7 23. Nc4 Qb5 24. Ncb6+ Kd6 25. Nc4+ Kd7 26. Ndb6+ Kd8 27. Qd1 Bxc4 28. Nxc4 Bc5 29. b4 Ba7 30. Bd3 Qd7 31. Ne3 f5 32. Nxf5 Rg8 33. Nxd4 exd4 34. Bxa6 Ke7 35. Qe2+ Kd6 36. Qe4 f5 37. Qf4+ Ke7 38. Rc7 1-0

[Event "Berlin Lichtenberger op 8th"]
[Site "Berlin"]
[Date "2009.08.18"]
[Round "4"]
[White "Schmidt, Juergen"]
[Black "Schuett, Tobias"]
[Result "1-0"]
[WhiteElo "2035"]
[BlackElo "1697"]
[PlyCount "63"]
[EventDate "2009.08.15"]
[EventType "swiss"]
[EventRounds "9"]
[EventCountry "GER"]
[SourceTitle "CBM 131 Extra"]
[Source "ChessBase"]
[SourceDate "2009.09.03"]
[SourceVersion "2"]
[SourceVersionDate "2009.09.16"]
[SourceQuality "1"]

1. e4 c5 2. Nf3 Nc6 3. d4 cxd4 4. Nxd4 e5 5. Nb5 a6 6. Nd6+ Bxd6 7. Qxd6 Qe7 8. Qd1 Nf6 9. Nc3 0-0 10. Bg5 Nd4 11. Bd3 Qe6 12. 0-0 b5 13. Nd5 Nxd5 14. exd5 Qxd5 15. Re1 f5 16. Bf1 Bb7 17. c3 Ne6 18. Qxd5 Bxd5 19. Rxe5 Be4 20. Be7 Rfe8 21. Bd6 g6 22. a4 Bc6 23. axb5 axb5 24. Rae1 Ng7 25. f3 Rxe5 26. Rxe5 Re8 27. Kf2 Rxe5 28. Bxe5 d5 29. Bxg7 Kxg7 30. Ke3 Kf6 31. Kd4 Ke6 32. Kc5 1-0